Los servicios públicos como instrumento de solidaridad y cohesión social del estado (Registro nro. 48806)

Detalles MARC
000 -ENCABEZADO
Número de control [NR] 00962nam a2200217Ia 4500
008 - DE LONGITUD FIJA DE DATOS DE ELEMENTOS - INFORMACIÓN GENERAL
Elementos de longitud fija [NR] 130821s2005 ck gr spa
020 ## - NUMERO INTERNACIONAL NORMALIZADO PARA LIBROS [R]
Número Internacional Normalizado del libro [NR] 9588192994
040 ## - FUENTE DE CATALOGACION [NR]
Agencia de catalogación original [NR] Co-BoUCM
Idioma de catalogación [NR] spa
041 00 - CODIGO DE IDIOMA [R]
Código de idioma para texto/pista de sonido o título separado [R] Español
245 14 - MENCION DE TITULO [NR]
Título [NR] Los servicios públicos como instrumento de solidaridad y cohesión social del estado
Mención de responsabilidad, etc. [NR] marco Antonio Velilla (Compilador)
260 ## - PUBLICACION, DISTRIBUCION, ETC. (PIE DE IMPRENTA) [R]
Lugar de publicación, distribución, etc. [R] Bogotá (Colombia)
Nombre del editor, distribuidor, etc. [R] Ediciones Jurídicas Gustavo Ibañez C.
Fecha de publicación, distribución, etc. [R] 2005
300 ## - DESCRIPCION FISICA [R]
Extensión [R] 555 páginas| 555 páginas 555 páginas| 555 páginas 555 páginas| 555 páginas 555 páginas| 555 páginas
490 ## - MENCION DE SERIE [R]
Mención de serie [R] Bibliotheca Millenio.
-- Colección Derecho Económico y de los Negocios
630 ## - ASIENTO SECUNDARIO DE MATERIA - TITULO UNIFORME [R]
Título uniforme [NR] Ley 142 de 1994
9 (RLIN) 5028
650 04 - ASIENTO SECUNDARIO DE MATERIA - TERMINO TEMATICO [R]
Término temático o nombre geográfico como elemento de entrada [NR] Administración pública
9 (RLIN) 355
650 04 - ASIENTO SECUNDARIO DE MATERIA - TERMINO TEMATICO [R]
Término temático o nombre geográfico como elemento de entrada [NR] Servicios públicos
Subdivisión general [R] Legislación
Subdivisión geográfica [R] Colombia
9 (RLIN) 24340
650 04 - ASIENTO SECUNDARIO DE MATERIA - TERMINO TEMATICO [R]
Término temático o nombre geográfico como elemento de entrada [NR] Servicios públicos
Subdivisión geográfica [R] Colombia
9 (RLIN) 24340
700 ## - ASIENTO SECUNDARIO - NOMBRE PERSONAL [R]
Nombre personal [NR] Velilla, Marco Antonio
Término de relación [R]
942 ## - ELEMENTOS DE ENTRADA AGREGADOS (KOHA)
Tipo de ítem principal el descrito en 300a Libro
Tema principal Administración
Edición 1
Parte restante de la signatura top. S491
Sistema de clasificación DEWEY
Clasificación 363.6
Existencias
Fecha de último préstamo Total préstamos Total Renewals Signatura topográfica Código de barras Última vez visto Ejemplar Price effective from Tipo de ítem Perdido Sistema de clasificación Dañado No prestable Tipo de ítem específico Suprimido Ubicación habitual Ubicación actual Localización Fecha de creación Forma de adquisición Costo Costo de reposición Proveedor
19/05/2018 41 5 363.6 S491 100077315 05/12/2025 Ej.1 03/02/2013 Libro   DEWEY     Libro   Claustro Claustro 2do piso 28/02/2006 Donación 26000.00    
      363.6 S491 100162586 06/12/2024 Ej.2 30/07/2019 Libro   DEWEY     Libro   BodegaJK Claustro Préstamo 2 días después de solicitado 30/07/2019 Donación 0.00 26000.00 12